| 000 | 00969cam a2200241 4500 | ||
|---|---|---|---|
| 001 | ABS61352 | ||
| 008 | 000000n1999 000 0 eng u | ||
| 035 | _a(Sirsi) u101246 | ||
| 110 |
_aEstates Gazette _9298 |
||
| 245 | _aLicensed and leisure property | ||
| 260 | _c1999 | ||
| 490 |
_aEstates Gazette Supplement _v Autumn 1999, (42) LOAN |
||
| 520 | _aArticles on aspects of the leisure industry. Discusses non-alcoholic bars, restaurant trends, hotel development, mixed-use schemes, microbreweries, and pub and restaurant deals. Also profiles the chairman of Pizza Express, David Page, and considers the impact of the"Disability Discrimination Act 1995. | ||
| 590 | _aABS | ||
| 650 | _aLEISURE MARKET | ||
| 650 | _aRESTAURANTS | ||
| 650 | _aMIXED-USE SCHEMES | ||
| 650 | _aHOTELS | ||
| 650 | _aDISABILITY DISCRIMINATION ACT 1995 | ||
| 690 | _aPROPERTY-COMMERCIAL PROPERTY-COMMERCIAL PROPERTY MARKET | ||
| 710 | _aCaterer and Hotelkeeper | ||
| 942 | _n0 | ||
| 999 |
_c60400 _d60400 |
||